A school counsellor casebook / (Record no. 144680)

MARC details
000 -LEADER
fixed length control field 00624nam a22001937a 4500
010 ## - LCCN (DPL NO)
LC control number ENG-120683
020 ## - INTERNATIONAL STANDARD BOOK NUMBER
Terms of availability 550.00
International Standard Book Number 9788181931153
035 ## - SYSTEM CONTROL NUMBER
System control number EN-104215
037 ## - SOURCE OF ACQUISITION
Source of stock number/acquisition DBAD/PUB
082 ## - DEWEY DECIMAL CLASSIFICATION NUMBER
Classification number 371.40954
100 ## - MAIN ENTRY--PERSONAL NAME
Personal name Patel, Vikram
245 ## - TITLE STATEMENT
Title A school counsellor casebook /
Statement of responsibility, etc by Vikram Patel, Lisa Aronson [and] Gauri Divan
260 ## - PUBLICATION, DISTRIBUTION, ETC. (IMPRINT)
Place of publication, distribution, etc Delhi
Name of publisher, distributor, etc Byword Books
Date of publication, distribution, etc 2013
270 ## - ADDRESS
Address GF-15, Virat Bhavan, Mukherjee Nagar, Commerical Complex,
City Delhi
Postal code 110009
300 ## - PHYSICAL DESCRIPTION
Extent xix, 425p. :
Other physical details 22cm(pbk).
Dimensions ill.
700 ## - ADDED ENTRY--PERSONAL NAME
Personal name Aronson, Lisa
700 ## - ADDED ENTRY--PERSONAL NAME
Personal name Divan, Gauri
942 ## - ADDED ENTRY ELEMENTS (KOHA)
Source of classification or shelving scheme Dewey Decimal Classification
Item type English Books
Classification part 371.40954
Call number suffix VIK
Holdings
Withdrawn status Lost status Not for loan Collection code Home library Current library Date acquired Source of acquisition Cost, normal purchase price Full call number Barcode Copy number Cost, replacement price Koha item type
      Non-fiction Narela Narela 15/09/2017 DBAD/PUB 550.00 371.40954 VIK EN-104215 1 550.00 English Books

© Delhi Public Library
Hit Counter
free hit counter